000 01067naa a22003017a 4500
001 BR9400506
003 BR-BrBNA
005 20240918180906.0
007 ta
008 230509b bl.||||| |||| 00| 0 por d
040 _aBR-BrBNA
_bpor
_cBiblioteca Nacional de Agricultura
041 _a(Pt)
072 _aU10; T01
090 _aU10 BR9400506
100 1 _aSousa, R.C. de
111 1 _a1. Simposio de Recursos Hidricos do Nordeste
_cRecife, PE (Brazil)
_d25-27 Nov 1992
245 1 _aUm metodo estatistico da orientacao dos difusores de emissarios oceanicos
260 3 _aRecife, PE (Brasil):
_c1992.
500 _a1. Simposio de Recursos Hidricos do Nordeste. Anais Recife, PE (Brasil): 1992. v. 1 p. 445-462 (BR9400506-AM)U10
650 _aPoluicao Marinha
650 _aPoluente
650 _aDado
650 _aAnalise Estatistica
650 _aAlagoas
773 0 _t1. Simposio de Recursos Hidricos do Nordeste. Anais
_wU10 BR9400506
_gRecife, PE (Brasil), 1992. v. 1 p. 445-462
909 _a202404
_bLucia
_c55
_dLucia Elande
942 _cAM
_2AGRIS
999 _c322524
_d322524